000
00241nam a2200085Ia 4500
008
120527s9999 xx 000 0 und d
100
_a
NEILL, D.H.O
245
_a
The management and use of draugt animals by small holder farmers in
942
_c
BK
999
_c
25136
_d
25136